000 00480nam a2200169Ia 4500
999 _c9740
_d9740
003 OSt
005 20191223152826.0
008 190216s9999||||xx |||||||||||||| ||und||
040 _coclc
082 _a336
_bSET/T
100 _aSeth, C S
_9703
245 0 _aTheory And Practice Of Public Finance /
_cC S Seth
260 _bHimalaya Publishing House,
_c1982.
_aNew Delhi:
300 _a240p
650 _aEconomics
942 _cBK
_2ddc
_h336
_iSET/T
_k336
_mSET/T